000 00568nam a2200229Ia 4500
003 OSt
005 20220924134701.0
006 a|||||r|||| 00| 0
007 ta
008 220923b |||||||| |||| 00| 0 urd d
024 _a285677
037 _cTextual
040 _aARTS
_cARTS
_burd
041 _2urd
_aurd
082 _aO168,1NYA4,1, M8
100 _aHameed Yasmeen
_9209013
245 0 _aPas-e-Aina
260 _c1988
650 _aURDU POETRY
942 _hO168,1NYA4,1, M8
_cTEXL
_2CC
999 _c438242
_d438242